Joint mangrove management in Tamil Nadu: process,Experiences and Prospects./ (Record no. 22503)
[ view plain ]
| 000 -LEADER | |
|---|---|
| fixed length control field | 00333nam a22001097a 4500 |
| 040 ## - CATALOGING SOURCE | |
| Transcribing agency | RUA |
| 082 ## - DEWEY DECIMAL CLASSIFICATION NUMBER | |
| Classification number | CHH IND 2004 C023 Or. |
| 245 ## - TITLE STATEMENT | |
| Title | Joint mangrove management in Tamil Nadu: process,Experiences and Prospects./ |
| Remainder of title | Part 4:Mangrove management Units. |
| 260 ## - PUBLICATION, DISTRIBUTION, ETC. (IMPRINT) | |
| Place of publication | phnom penh |
| Name of publisher | rua |
| Year of publication | 2004 |
| 300 ## - PHYSICAL DESCRIPTION | |
| Number of Pages | 60p. |
| Other physical details | ill. |
| Dimensions | 29cm. |
| 942 ## - ADDED ENTRY ELEMENTS (KOHA) | |
| Koha item type | ឯកសារស្រាវជ្រាវ |
| 952 ## - LOCATION AND ITEM INFORMATION (KOHA) | |
| Withdrawn status [LOCAL, KOHA] | 0 |
| Permanent Location | Date acquired | Koha item type | Lost status | Shelving location | Barcode | Current Location | Full call number |
|---|---|---|---|---|---|---|---|
| Library Block C | 2024-01-09 | ឯកសារស្រាវជ្រាវ | C023 | a075021 | Library Block C | CHH IND 2004 C023 Or. |